000 00338nam a22001457a 4500
008 230515b ||||| |||| 00| 0 eng d
020 _a9781148803531
041 _aeng
080 _a159.9
082 _a159.9SHA
100 _a25
101 _aPSI
245 _aA NEW VARIORUM EDITION OF SHAKESPEARE
_cSHAKESPEARE .W
942 _2udc
_cBK
999 _c59704
_d59704